00852nam a2200217 a 450000100100000000500170001000800410002702000150006804000250008310000440010824500510015226000570020330000280026049000650028849000350035383000720038883000420046004900090050295201060051199900170061700003395120200930070642.0110914s2006 ag 000 0 spa d a9505564805 aDO-SdBNPbspacBNPHU1 aPuiggrós, Rodolfo,d1906-1980.93170210aPueblo y oligarquía /cRodolfo Puiggrós /. aBuenos Aires, Argentina :bEditorial Galerna,c2006. a156 p. :bil. ;c23 cm.1 aHistoria crítica de los partidos políticos Argentinosv11 aBiblioteca popularaDocumentos 0aHistoria crítica de los partidos políticos Argentinosv1959410 0aBiblioteca popularpDocumentos959411 aBNPD 0010507-18MOaGRbGRcOId2011-09-14iLF1l0o p33951-10r2020-06-25w2020-06-25y1ZNo se presta c33442d33442